000 00423cam a22001097a 4500
008 180718b1986 xxu||||| |||| 00| 0 eng d
082 _aL12 Un3dd
245 _aDoubling development finance: meeting a global challenge
_cby Department of International Economic and Social Affairs, U.S.A.
260 _aNew York
_bUnited Nations
_c1986
300 _a47p.
700 _aU.S.A. Department of International Economic and Social Affairs
999 _c500568
_d500568